Movies by release date 90's & 00's - Statistics

General Stats
  • This quiz has been taken 48 times
  • The average score is 8 of 20
Answer Stats
Movie Year % Correct
The Lord of the Rings: The Fellowship of the Ring 2001
80%
Goodfellas 1990
63%
Finding Nemo 2003
58%
The Pianist 2002
53%
Good Will Hunting 1997
50%
No Country for Old Men 2007
50%
Léon 1994
45%
The Dark Knight 2008
45%
Saw 2004
43%
Groundhog Day 1993
40%
Pirates of the Caribbean: The Curse of the Black Pearl 2003
40%
Braveheart 1995
35%
The Sixth Sense 1999
35%
Kill Bill: Vol. 1 2003
33%
GoldenEye 1995
28%
The Butterfly Effect 2004
23%
Falling Down 1993
20%
Donnie Brasco 1997
20%
Lock, Stock and Two Smoking Barrels 1998
20%
Der Untergang 2004
8%
No matching quizzes found
Score Distribution
Percent of People with Each Score
Percentile by Number Answered
Your Score History
You have not taken this quiz